Loading...
| Literature - European | 0 | 4 | 0 | 0 | 40 | 108 | 141.25 | 1 | 2 | 0.00 | 0.00 |
| Literature - World | 1 | 2 | 0 | 1 | 35 | 53 | 96.67 | 1 | 2 | 0.00 | 0.00 |
| Fine Arts - Visual | 2 | 1 | 1 | 1 | 35 | 73 | 101.33 | 1 | 2 | 0.00 | 0.00 |
| Other Academic | 1 | 1 | 0 | 1 | 25 | 58 | 102.00 | 0 | 1 | 0.00 | 0.00 |
| Fine Arts - Other | 0 | 2 | 1 | 0 | 15 | 121 | 131.50 | 0 | 1 | 0.00 | 0.00 |
| Social Science | 0 | 1 | 0 | 0 | 10 | 135 | 135.00 | 1 | 1 | 0.00 | 0.00 |
| Fine Arts - Classical Music and Opera | 0 | 1 | 0 | 0 | 10 | 133 | 133.00 | 0 | 0 | 0.00 | 0.00 |
| Science - Physics | 0 | 1 | 0 | 1 | 10 | 118 | 118.00 | 0 | 0 | 0.00 | 0.00 |
| Literature - British | 0 | 1 | 1 | 0 | 5 | 143 | 143.00 | 0 | 0 | 0.00 | 0.00 |
| Science - Other | 0 | 1 | 2 | 0 | 0 | 69 | 69.00 | 0 | 0 | 0.00 | 0.00 |
| Beliefs | 0 | 1 | 3 | 0 | -5 | 89 | 89.00 | 0 | 1 | 0.00 | 0.00 |